Normal view
MARC view
- Duch Gavaldá, Jordi
Entry Nombre Personal
001 - NUMERO DE CONTROL
- campo de control: 59360
003 - IDENTIFICADOR DE NUMERO DE CONTROL
- campo de control: UPN
005 - FECHA Y HORA DE LA ÜLTIMA TRANSACCIÓN
- campo de control: 20260424134720.0
008 - DATOS DE LONGITUD FIJA
- campo de control de longitud fija: 260424|| acz||aabn | a|a d
024 ## - OTROS IDENTIFICADORES NORMALIZADOS
- Fuente: orcid
- Número normalizado o código: https://orcid.org/0000-0003-2639-6333
040 ## - FUENTE DE CATALOGACIÓN
- Agencia original de catalogación: MX-MxUPN
100 1# - ENCABEZAMIENTO - NOMBRE PERSONAL
- Nombre personal: Duch Gavaldá, Jordi
370 ## - LUGAR ASOCIADO
- Place of birth: España
371 ## - DIRECCIÓN
- Electronic mail address: jordi.duch@urv.cat
373 ## - GRUPO ASOCIADO
- Associated group: Universitat Rovira i Virgili
374 ## - OCUPACIÓN
- Occupation: Docencia e investigación universitaria
377 ## - LENGUA ASOCIADA
- Language code: spa
670 ## - FUENTE EN LA QUE SE LOCALIZARON DATOS
- Cita de la fuente: En recurso en línea: RECIE: revista caribeña de investigación educativa Vol. 9 (2025)
- Información localizada: (Jordi Duch Gavaldá)
- Uniform Resource Identifier: https://revistas.isfodosu.edu.do/index.php/recie/article/view/e9763/528
902 ## - CATALOGADOR
- Catalogador: Leonor Sotres/240426
